| 000 | 02232nam a22002657a 4500 | ||
|---|---|---|---|
| 003 | OSt | ||
| 005 | 20260513143251.0 | ||
| 007 | t| | ||
| 008 | 250213s2026 enk b 001 0 eng | ||
| 020 |
_a9781032656762 _cRM193.86 _qpaperback |
||
| 040 |
_aMILA_ain _beng _cMILA |
||
| 050 | 0 | 0 |
_aKF390.5.C6 _bL563 2026 |
| 100 | 1 | _aLipschultz, Jeremy Harris | |
| 245 | 1 | 0 |
_aSocial media law and ethics / _cJeremy Harris Lipschultz. |
| 250 | _a2nd ed. | ||
| 260 |
_aAbingdon, Oxon [UK] : _bRoutledge, Taylor and Franics, _c2026. |
||
| 300 |
_axxv, 472 p. ; _c27 cm. |
||
| 504 | _aIncludes bibliographical references and index. | ||
| 520 | _a"In this textbook, social media professor Jeremy Harris Lipschultz introduces students to the study of social media law and ethics, integrating legal concepts and ethical theories. This second edition explores freedom of expression, as it applies to students, media industry professionals, content creators and audience members. Key issues and practices covered include copyright law, data privacy, defamation, global law and ethics, generative AI, government censorship, social media platform rules, and employer policies. The book also addresses the U.S. government TikTok law and other recent regulation. Research techniques are also used to suggest future trends in social media law and ethics. Touching on themes and topics of significant contemporary relevance, this accessible textbook can be used in standalone law and ethics courses, as well as emerging social media courses that are disrupting traditional public relations, advertising, marketing and journalism curricula. Case studies, discussion questions, and online resources help students engage with the practicalities, complexities and ambiguities of this future-oriented area of media law, making this an ideal textbook for students of media law, policy and ethics, mass media, and communication studies"-- Provided by publisher. | ||
| 650 | 0 |
_aSocial media _xLaw and legislation _zUnited States |
|
| 650 | 0 |
_aOnline social networks _xLaw and legislation _zUnited States |
|
| 650 | 0 |
_aInformation technology _xLaw and legislation _zUnited States |
|
| 650 | 0 |
_aSocial media _xMoral and ethical aspects _zUnited States |
|
| 942 |
_2lcc _cBK |
||
| 999 |
_c2673 _d2673 |
||